Exposició d'una important col·lecció de cuadros antics i moderns
Descripción Física:
full plegat ; 15 x 11 cm
Materias:
Fons Joan Junyer i Pascual (1909-1994)
; Art -- Exposicions
; Art -- Catàlegs
; Galeries d'art -- Catàlegs
Idioma:
Catalán
MARC
| LEADER | 00000nam a2200000 a 4500 | ||
|---|---|---|---|
| 001 | 24906 | ||
| 003 | AGDB | ||
| 005 | 20260324181543.0 | ||
| 008 | 260113b spa||||| |||| 00| 0 cat d | ||
| 040 | |a agdb |b cat | ||
| 041 | |a cat | ||
| 110 | |a La Pinacoteca (Barcelona, Catalunya) |e institució d'acollida |9 72929 | ||
| 245 | |a Exposició d'una important col·lecció de cuadros antics i moderns | ||
| 260 | |a Barcelona : |b La Pinacoteca, |c 1927 | ||
| 300 | |a full plegat ; |c 15 x 11 cm | ||
| 500 | |a Prové del fons Joan Junyer i Pascual (1909-1994) | ||
| 500 | |a Catàleg de l'exposició celebrada a La Pinacoteca, Barcelona, del 23 d'abril al 6 de de maig de 1927 | ||
| 650 | |a Fons Joan Junyer i Pascual (1909-1994) |9 72777 | ||
| 650 | 0 | |a Art |x Exposicions |2 Arxiu |9 43798 | |
| 650 | 0 | |a Art |x Catàlegs |9 26592 | |
| 650 | 0 | |a Galeries d'art |x Catàlegs |9 72877 | |
| 942 | |2 udc |c ARXIU |n 1 | ||
| 952 | |0 0 |1 0 |2 udc |4 0 |6 F504332 |7 1 |9 98927 |a Arxiu |b Arxiu |d 2026-01-13 |l 0 |o F-504-332 |p 24906 |r 2026-01-13 11:01:21 |w 2026-01-13 |y ARXIU |z Exemplar en mal estat de conservació | ||
| 999 | |c 130595 |d 130595 | ||